00594nam a2200193 a 450000500170000000800410001701000140005802000110007203500130008303700150009604000180011108200060012924500660013526000430020127000890024430000210033365000270035470000190038120090518152430.0931110s1994 fluaf b 001 0 eng  aENG-93580 c200.00 aEN-77113 bDBAD / PUB adplbEnglish  aS aMy own true ghost story /cedited & compiled by Shashi Mehta  aDelhibSanmarg Sahitya Parishad c2008 aHouse No. 29/32B, First Floor, Gali No. 12, Vishwas Nagar, Shahdra, bDelhi e110032 a160p. c22m(Hb)  aShort stories, English aMehta, Shashi